Statistics for harry potter families

Click here to take the quiz!

General Stats

  • This quiz has been taken 16 times
  • The average score is 26 of 53

Answer Stats

HintAnswer% Correct
blacksirius
100%
lovegoodluna
92%
potterharry
83%
lestrangebellatrix
75%
malfoydraco
75%
potterjames
75%
blackregulus
75%
weasleyginny
67%
grangerhermione
67%
potterlilly
67%
tonksnymphadora
67%
weasleyron
67%
tonksandromeda
58%
rosierevan
58%
weasleyfred
58%
malfoylucius
58%
weasleymolly
58%
malfoynarcissa
58%
longbottomneville
58%
blackorion
58%
weasleypercy
58%
pettigrewpeter
58%
snapeseverus
58%
tonksted
58%
weasleyarthur
50%
weasleybill
50%
weasleycharlie
50%
meadowsdorcas
50%
weasleygeorge
50%
lupinremus
50%
lestrangerodolphus
50%
blackwalburga
50%
longbottomalice
42%
longbottomfrank
42%
mckinonmarlene
42%
lovegoodpandora
42%
lovegoodxenophilius
42%
crouchbarty jr
33%
crouchbarty sr
33%
lestrangerabastan
33%
longbottomaugusta
25%
snapeeileen
25%
vanceemeline
25%
snapetobias
25%
blackalphard
17%
blackcygnus
17%
blackdruella
17%
pottereuphemia
17%
weasleyfabian
17%
potterfleamont
17%
weasleygideon
17%
lupinhope
17%
lupinlyal
17%

Score Distribution

Percentile by Number Answered

Percent of People with Each Score

Your Score History

You have not taken this quiz